Introducción a la teoría de redes
Saved in:
| Main Author: | |
|---|---|
| Format: | Book |
| Language: | Spanish |
| Published: |
Ciudad de México
Sociedad Matemática Mexicana
1997
|
| Series: | Colección Aportaciones Matemáticas, 12
|
| Subjects: | |
| Tags: |
Add Tag
No Tags, Be the first to tag this record!
|
MARC
| LEADER | 00000nam a2200000 a 4500 | ||
|---|---|---|---|
| 001 | UCP3280 | ||
| 003 | CL-VaPUC | ||
| 008 | 990618e19970000MX |||||||||||||||||spa|d | ||
| 082 | 0 | 4 | |a 511.8 |b HER |2 21 |
| 100 | 0 | |a Hernández Ayuso, María del Carmen |e author |9 430483 | |
| 245 | 1 | 0 | |a Introducción a la teoría de redes |
| 300 | |a 259 p | ||
| 942 | |c BK | ||
| 945 | |d 19990618 00:00:00 |a rbrito | ||
| 260 | |a Ciudad de México |b Sociedad Matemática Mexicana |c 1997 | ||
| 650 | 0 | |a Modelos matemáticos |9 259437 | |
| 650 | 7 | |a TEORIA DE REDES |2 CL-VaPUC |9 423617 | |
| 650 | 0 | |a Optimización |9 339671 | |
| 650 | 0 | |a Programación lineal |9 23 | |
| 583 | |a last modification |c 19990618 00:00:00 |k Rodrigo Vera | ||
| 490 | 0 | |a Colección Aportaciones Matemáticas, 12 | |
| 999 | |c 281649 |d 281647 | ||
| 952 | |0 0 |1 0 |4 0 |6 511_800000000000000_HER_1997 |7 0 |8 A |9 322560 |a BIBMAT |b BIBMAT |d 2019-11-20 |i 3529851 |o 511.8 HER 1997 |p 3529851 |r 2025-01-07 |w 2019-11-20 |y BK |k MAT | ||